Представление документа в формате MARC21

Поле Инд. ПП Название Значение
Тип записи a
Библиографический уровень m
001 Контрольный номер 47913ae5b5714bbcab8361c046d27704
005 Дата корректировки 20190416120035.4
024 80 a Стандартный номер 10.02.01
040 a Служба первич. каталог. НБ ТвГУ
b Код языка каталог. rus
e Правила каталог. PSBO
041 0_ a Код языка текста rus
080 a Индекс УДК 811.161.1'373.46(043.3)
084 a Индекс другой классификации/Индекс ББК Ш141.12-324я031
090 a Полочн. индекс Ш141.12
x Авторский знак Б 90
097 b Оператор Semenova.ZR
100 1_ a Автор Буданова Наталья Александровна
q Полное имя Буданова Н. А.
245 10 a Заглавие Развитие медицинской терминологии в русском литературном языке второй половины XIX века (на материале названий болезней)
b Продолж. заглавия диссертация ... кандидата филологических наук : 10.02.01 - русский язык
c Ответственность науч. рук. В. Н. Ерохин ; Твер. гос. ун-т
260 c Дата издания 2018
a Место издания Тверь
b Издательство б. и.
300 a Объем 230 с.
500 a Примечание На правах рукописи
502 a Примечание о диссертации Защищена 22.10.2018
504 a Библиография Библиогр.: с. 199-221
653 0_ a Ключевые слова Русский язык
a Ключевые слова Лексикология русского языка
a Ключевые слова Лексика русского языка
a Ключевые слова Терминология русского языка
a Ключевые слова Медицинская терминология
a Ключевые слова История русского языка
a Ключевые слова 19 в.
a Ключевые слова Диссертации
a Ключевые слова Кандидатские диссертации
700 12 a Другие авторы Ерохин Вячеслав Николаевич
e Роль лиц Научный руководитель
700 12 a Другие авторы Чебанов Сергей Викторович
e Роль лиц Оппонент
700 12 a Другие авторы Разумов Роман Викторович
e Роль лиц Оппонент
710 12 a Организация/ юрисдикция Тверской государственный университет
e Роль коллектива место выполнения работы
710 12 a Организация/ юрисдикция Курский государственный университет
e Роль коллектива ведущая организация
710 12 a Организация/ юрисдикция Тверской государственный университет
e Роль коллектива место защиты
901 t Тип документа d
920 a Оператор Семен
a Оператор Рунт
a Оператор Стро
930 a Новая/Ретро новая
952 c Вид литературы Дис н
954 b Дата поступления в ОК 20190123
a Дата поступления на обработку 20190411
c Дата окончания ОНО 20190416